000 00547nam a2200205Ia 4500
005 20240823025103.0
008 240823s9999||||xx |||||||||||||| ||und||
020 _a81-314-0095-6
041 _aENGLISH
082 _A338.62 P6
100 _aAli Salman Saleh
245 0 _aPublic Deficits and Macroeconomic Performance in Lebanon
250 _a1st
260 _c2006
_bThe ICFAI University
_aHyderabad
500 _aYES
650 _aPublic Finance
_bManagement Studies
700 _a Charles Harvie Ed.
942 _cBK
999 _c185475
_d185475